00567nam a22001817a 450000500170000001000150001702000260003203500140005803700130007208200120008510000230009724500960012026000360021627000510025230000210030350000400032470000210036420170817110026.0 aENG-119778 a9788188571529c300.00 aEN-103310 bDBAD/PUB a883.092 aYadav, Ashok kumar aExistential elements in Thomas Hardy's novels /cby Ashok kumar Yadav [and] Indira A. Budhe aKanpurbChintan Prakashanc2012 a3A/119, Avas Vikas, Hanspuram,bKanpure208021 a111p. c22cm(Hb) aIncludes bibliographical references aBudhe, Indira A.